Vlaamse gemeenten - Statistieken

Algemene statistieken
  • Deze quiz is 489 keer genomen
    10 sinds de laatste reset
  • De gemiddelde score is 70 van 285
Antwoordstatistieken
Hint Antwoord % Correct
Antwerpen Antwerpen
100%
Oost-Vlaanderen Gent
100%
Limburg Hasselt
100%
West-Vlaanderen Blankenberge
86%
Vlaams-Brabant Leuven
86%
Antwerpen Mechelen
86%
West-Vlaanderen Oostende
86%
Vlaams-Brabant Aarschot
71%
West-Vlaanderen Brugge
71%
Limburg Genk
71%
West-Vlaanderen Kortrijk
71%
Limburg Maasmechelen
71%
Antwerpen Mol
71%
Antwerpen Turnhout
71%
West-Vlaanderen Waregem
71%
Limburg As
57%
Vlaams-Brabant Asse
57%
Antwerpen Geel
57%
Vlaams-Brabant Herent
57%
Antwerpen Herentals
57%
West-Vlaanderen Knokke-Heist
57%
Limburg Lommel
57%
Antwerpen Retie
57%
Vlaams-Brabant Tienen
57%
Oost-Vlaanderen Zulte
57%
Oost-Vlaanderen Aalst
43%
Antwerpen Boom
43%
West-Vlaanderen De Haan
43%
Oost-Vlaanderen Deinze
43%
West-Vlaanderen De Panne
43%
Vlaams-Brabant Diest
43%
Antwerpen Grobbendonk
43%
Antwerpen Hoogstraten
43%
Antwerpen Kasterlee
43%
Oost-Vlaanderen Lokeren
43%
Vlaams-Brabant Machelen
43%
Antwerpen Malle
43%
Vlaams-Brabant Meise
43%
Limburg Peer
43%
Antwerpen Ravels
43%
Oost-Vlaanderen Sint-Niklaas
43%
Limburg Sint-Truiden
43%
Oost-Vlaanderen Zelzate
43%
Oost-Vlaanderen Aalter
29%
Vlaams-Brabant Affligem
29%
Limburg Alken
29%
Antwerpen Arendonk
29%
Oost-Vlaanderen Assenede
29%
Antwerpen Baarle-Hertog
29%
Antwerpen Balen
29%
Antwerpen Beerse
29%
Vlaams-Brabant Bekkevoort
29%
Limburg Beringen
29%
Antwerpen Bonheiden
29%
Antwerpen Brasschaat
29%
Limburg Bree
29%
Oost-Vlaanderen Dendermonde
29%
Antwerpen Dessel
29%
Limburg Diepenbeek
29%
Vlaams-Brabant Dilbeek
29%
Oost-Vlaanderen Eeklo
29%
Antwerpen Essen
29%
Oost-Vlaanderen Evergem
29%
Oost-Vlaanderen Geraardsbergen
29%
Vlaams-Brabant Glabbeek
29%
Vlaams-Brabant Grimbergen
29%
Vlaams-Brabant Halle
29%
Antwerpen Heist-op-den-Berg
29%
Antwerpen Herenthout
29%
Antwerpen Herselt
29%
Limburg Heusden-Zolder
29%
Vlaams-Brabant Hoegaarden
29%
Vlaams-Brabant Huldenberg
29%
Antwerpen Hulshout
29%
Antwerpen Kalmthout
29%
Antwerpen Kapellen
29%
Vlaams-Brabant Kapelle-op-den-Bos
29%
West-Vlaanderen Koksijde
29%
Vlaams-Brabant Kortenberg
29%
Vlaams-Brabant Kraainem
29%
Antwerpen Laakdal
29%
Limburg Lanaken
29%
Vlaams-Brabant Landen
29%
Limburg Leopoldsburg
29%
Antwerpen Lier
29%
Antwerpen Lille
29%
Vlaams-Brabant Linkebeek
29%
Oost-Vlaanderen Lochristi
29%
Vlaams-Brabant Londerzeel
29%
Vlaams-Brabant Lubbeek
29%
Limburg Maaseik
29%
Oost-Vlaanderen Maldegem
29%
Antwerpen Meerhout
29%
Vlaams-Brabant Merchtem
29%
Antwerpen Merksplas
29%
Antwerpen Nijlen
29%
Oost-Vlaanderen Ninove
29%
Antwerpen Olen
29%
Vlaams-Brabant Opwijk
29%
Oost-Vlaanderen Oudenaarde
29%
Antwerpen Oud-Turnhout
29%
Antwerpen Putte
29%
Antwerpen Ranst
29%
Limburg Riemst
29%
Vlaams-Brabant Scherpenheuvel-Zichem
29%
Antwerpen Sint-Katelijne-Waver
29%
Oost-Vlaanderen Stekene
29%
Vlaams-Brabant Vilvoorde
29%
Antwerpen Vorselaar
29%
Antwerpen Vosselaar
29%
Vlaams-Brabant Wemmel
29%
Antwerpen Wuustwezel
29%
Antwerpen Zandhoven
29%
Vlaams-Brabant Zaventem
29%
Vlaams-Brabant Zemst
29%
Limburg Zonhoven
29%
Oost-Vlaanderen Zottegem
29%
Limburg Zutendaal
29%
Antwerpen Aartselaar
14%
West-Vlaanderen Alveringem
14%
West-Vlaanderen Anzegem
14%
West-Vlaanderen Ardooie
14%
West-Vlaanderen Avelgem
14%
West-Vlaanderen Beernem
14%
Vlaams-Brabant Beersel
14%
Vlaams-Brabant Begijnendijk
14%
Antwerpen Berlaar
14%
Oost-Vlaanderen Berlare
14%
Vlaams-Brabant Bertem
14%
Vlaams-Brabant Bever
14%
Vlaams-Brabant Bierbeek
14%
Limburg Bocholt
14%
Antwerpen Boechout
14%
Vlaams-Brabant Boortmeerbeek
14%
Antwerpen Bornem
14%
Vlaams-Brabant Boutersem
14%
Oost-Vlaanderen Brakel
14%
Antwerpen Brecht
14%
West-Vlaanderen Bredene
14%
Oost-Vlaanderen Buggenhout
14%
West-Vlaanderen Damme
14%
West-Vlaanderen Deerlijk
14%
Oost-Vlaanderen Denderleeuw
14%
West-Vlaanderen Dentergem
14%
Oost-Vlaanderen Destelbergen
14%
West-Vlaanderen Diksmuide
14%
Limburg Dilsen-Stokkem
14%
Vlaams-Brabant Drogenbos
14%
Antwerpen Duffel
14%
Antwerpen Edegem
14%
Oost-Vlaanderen Erpe-Mere
14%
Oost-Vlaanderen Gavere
14%
Vlaams-Brabant Geetbets
14%
Limburg Gingelom
14%
West-Vlaanderen Gistel
14%
Vlaams-Brabant Haacht
14%
Oost-Vlaanderen Haaltert
14%
Limburg Halen
14%
Oost-Vlaanderen Hamme
14%
Limburg Hamont-Achel
14%
West-Vlaanderen Harelbeke
14%
Limburg Hechtel-Eksel
14%
Limburg Heers
14%
Antwerpen Hemiksem
14%
Limburg Herk-de-Stad
14%
Limburg Herstappe
14%
Oost-Vlaanderen Herzele
14%
West-Vlaanderen Heuvelland
14%
Vlaams-Brabant Hoeilaart
14%
Vlaams-Brabant Holsbeek
14%
West-Vlaanderen Hooglede
14%
Oost-Vlaanderen Horebeke
14%
Limburg Houthalen-Helchteren
14%
West-Vlaanderen Houthulst
14%
Antwerpen Hove
14%
West-Vlaanderen Ichtegem
14%
West-Vlaanderen Ieper
14%
West-Vlaanderen Ingelmunster
14%
West-Vlaanderen Izegem
14%
West-Vlaanderen Jabbeke
14%
Vlaams-Brabant Kampenhout
14%
Oost-Vlaanderen Kaprijke
14%
Vlaams-Brabant Keerbergen
14%
Limburg Kinrooi
14%
Oost-Vlaanderen Kluisbergen
14%
West-Vlaanderen Koekelare
14%
Antwerpen Kontich
14%
West-Vlaanderen Kortemark
14%
Vlaams-Brabant Kortenaken
14%
Oost-Vlaanderen Kruisem
14%
West-Vlaanderen Kuurne
14%
Oost-Vlaanderen Laarne
14%
West-Vlaanderen Langemark-Poelkapelle
14%
Oost-Vlaanderen Lebbeke
14%
Oost-Vlaanderen Lede
14%
West-Vlaanderen Ledegem
14%
West-Vlaanderen Lendelede
14%
Vlaams-Brabant Lennik
14%
West-Vlaanderen Lichtervelde
14%
Vlaams-Brabant Liedekerke
14%
Oost-Vlaanderen Lierde
14%
Oost-Vlaanderen Lievegem
14%
Antwerpen Lint
14%
Vlaams-Brabant Linter
14%
West-Vlaanderen Lo-Reninge
14%
Limburg Lummen
14%
Oost-Vlaanderen Maarkedal
14%
West-Vlaanderen Menen
14%
West-Vlaanderen Mesen
14%
West-Vlaanderen Middelkerke
14%
West-Vlaanderen Moorslede
14%
Antwerpen Mortsel
14%
Antwerpen Niel
14%
Limburg Nieuwerkerken
14%
West-Vlaanderen Nieuwpoort
14%
Oost-Vlaanderen Oosterzele
14%
West-Vlaanderen Oostkamp
14%
West-Vlaanderen Oostrozebeke
14%
West-Vlaanderen Oudenburg
14%
Vlaams-Brabant Oud-Heverlee
14%
Limburg Oudsbergen
14%
Vlaams-Brabant Overijse
14%
Limburg Pelt
14%
Vlaams-Brabant Pepingen
14%
West-Vlaanderen Pittem
14%
West-Vlaanderen Poperinge
14%
Antwerpen Puurs-Sint-Amands
14%
Antwerpen Rijkevorsel
14%
West-Vlaanderen Roeselare
14%
Oost-Vlaanderen Ronse
14%
Vlaams-Brabant Roosdaal
14%
Vlaams-Brabant Rotselaar
14%
Antwerpen Rumst
14%
Antwerpen Schelle
14%
Antwerpen Schilde
14%
Antwerpen Schoten
14%
Vlaams-Brabant Sint-Genesius-Rode
14%
Oost-Vlaanderen Sint-Gillis-Waas
14%
Oost-Vlaanderen Sint-Laureins
14%
Oost-Vlaanderen Sint-Lievens-Houtem
14%
Oost-Vlaanderen Sint-Martens-Latem
14%
Vlaams-Brabant Sint-Pieters-Leeuw
14%
West-Vlaanderen Spiere-Helkijn
14%
Antwerpen Stabroek
14%
West-Vlaanderen Staden
14%
Vlaams-Brabant Steenokkerzeel
14%
Oost-Vlaanderen Temse
14%
Vlaams-Brabant Ternat
14%
Vlaams-Brabant Tervuren
14%
West-Vlaanderen Tielt
14%
Vlaams-Brabant Tielt-Winge
14%
West-Vlaanderen Torhout
14%
Vlaams-Brabant Tremelo
14%
West-Vlaanderen Veurne
14%
West-Vlaanderen Vleteren
14%
Limburg Voeren
14%
Oost-Vlaanderen Waasmunster
14%
Limburg Wellen
14%
West-Vlaanderen Wervik
14%
Antwerpen Westerlo
14%
Oost-Vlaanderen Wetteren
14%
West-Vlaanderen Wevelgem
14%
Vlaams-Brabant Wezembeek-Oppem
14%
Oost-Vlaanderen Wichelen
14%
West-Vlaanderen Wielsbeke
14%
Antwerpen Wijnegem
14%
Antwerpen Willebroek
14%
West-Vlaanderen Wingene
14%
Antwerpen Wommelgem
14%
Oost-Vlaanderen Wortegem-Petegem
14%
West-Vlaanderen Zedelgem
14%
Oost-Vlaanderen Zele
14%
Antwerpen Zoersel
14%
West-Vlaanderen Zonnebeke
14%
Vlaams-Brabant Zoutleeuw
14%
West-Vlaanderen Zuienkerke
14%
Oost-Vlaanderen Zwalm
14%
West-Vlaanderen Zwevegem
14%
Oost-Vlaanderen Beveren-Kruibeke- Zwijndrecht
0%
Limburg Bilzen-Hoeselt
0%
Oost-Vlaanderen Merelbeke-Melle
0%
Oost-Vlaanderen Nazareth-De Pinte
0%
Vlaams-Brabant Pajottegem
0%
Limburg Tessenderlo-Ham
0%
Limburg Tongeren-Borgloon
0%
Geen overeenkomende quizzen gevonden
Scoreverdeling
Procent van Mensen met Elke Score
Percentiel versus Aantal Correcte Antwoorden
Uw Scoregeschiedenis
U heeft deze quiz nog niet genomen sinds de laatste reset